Sports Quiz

Random Sports or NBA Quiz

NBA Draft Top 10 Alma Maters (00-09) Quiz Stats

 Plays Quiz not verified by Sporcle

Also try: NASCAR Tracks
Challenge
Share
Tweet
Embed
Score 0/100 Timer 10:00
1 Play Today
% Correct
Syracuse
91.4%
China
91.3%
Texas
90.6%
Marquette
90.4%
Oklahoma
90.2%
Memphis
89.8%
Florida
89.5%
Ohio State
89.4%
UCLA
89.2%
St. Vincent-St. Mary HS
88.7%
Duke
88.5%
Spain
88%
Gonzaga
87.8%
Wake Forest
87.4%
Connecticut
87.1%
Spain
86.4%
USC
86.3%
Duke
86.3%
Kansas State
86.2%
Connecticut
86.1%
Florida
86%
China
85.9%
Davidson
85.6%
UCLA
85.5%
Ohio State
85.1%
North Carolina
84.4%
Stanford
84.3%
Cincinnati
84.2%
Utah
83.6%
Connecticut
83.2%
SW Atlanta Christian Academy
82.9%
Duke
82.8%
Duke
82.8%
Florida
82.4%
% Correct
Syracuse
82.2%
Duke
82.1%
Georgia Tech
81.8%
Illinois
81.5%
Kansas
81.4%
Glynn Academy
81.3%
Arizona State
81.1%
Texas
81.1%
North Carolina
80.9%
Texas
80.7%
Italy
79.4%
Texas
79.4%
Connecticut
79.2%
Memphis
78.9%
Connecticut
78.8%
Cypress Creek HS
78.7%
Italy
78.5%
Dominguez HS
76.7%
St. Joseph HS
76.6%
Indiana
76%
Washington
75.9%
LSU
74.1%
Thornwood HS
73.7%
Georgetown
73.6%
Florida
73.5%
Italy
72.3%
Kansas
71.4%
Peoria HS
71.2%
Arizona
71%
Arizona
70.4%
Brazil
69.6%
Villanova
69.1%
East St. Louis HS
68.8%
Wisconsin
68.3%
% Correct
Connecticut
67.1%
Michigan State
65.8%
Arizona
64.6%
USC
64.4%
West Virginia
63%
North Carolina
62.8%
Stanford
62.6%
Arkansas
62.5%
Maryland
61.5%
Washington
59.1%
Oregon
56.9%
Seattle Prep
54.8%
Iowa State
54.6%
LSU
53.1%
Georgetown
51.8%
Serbia
50.4%
Memphis
50.2%
Oak Hill Academy
48.8%
Michigan
47.7%
Texas
46.7%
Central Michigan
45.1%
Arizona State
43.9%
Seton Hall
36.2%
Georgia
36.1%
Minnesota
34.2%
Bradley
32.9%
Cincinnati
31.1%
Missouri
24.5%
Senegal
24.4%
BYU
22.6%
Republic of Georgia
15.3%
Charlotte
11.3%

You're not logged in!

Compare scores with friends on all Sporcle quizzes.
OR
Log In

You Might Also Like...

Show Comments

Extras

Top Quizzes Today


Score Distribution

Your Account Isn't Verified!

In order to create a playlist on Sporcle, you need to verify the email address you used during registration. Go to your Sporcle Settings to finish the process.

Report this User

Report this user for behavior that violates our Community Guidelines.

Details: